Local knowledge and cultural skills as resources for sustainable forest development

Bibliographic Details
Main Author: ANTWEILER
Other Authors: Mersmann
Format: Book
Published: Eschborn : German Agency for International Cooperation , 1996
Subjects:

MARC

LEADER 00000cam a2200000 7i4500
001 0000003050
005 20040414.0
090 0 0 |a 634.9   |b ANT 1996 
100 1 0 |a ANTWEILER   |h Christoph 
245 1 0 |a Local knowledge and cultural skills as resources for sustainable forest development   |c Christoph Antweiler, Christian Mersmann 
260 0 0 |a Eschborn :   |b German Agency for International Cooperation ,   |c 1996 
300 |a 50 p. ;   |c 30 cm. 
500 0 0 |a Bibliography : p. 45-50 
650 0 0 |a Forests and forestry 
700 0 1 |a Mersmann   |h Christian 
998 |a JPSM 
999 |a 0000004491   |b Monograph   |c Open Shelf   |e Default branch